000 00255nmm a2200085Ia 4500
008 220120s9999||||xx |||||||||||||||||und||
100 _aDigit
245 0 _aAudio editing, music radio, Movie, Environmental change Lect
260 _aCoorg Institute of Technology
999 _c140116
_d140116